[Event "Monarch Assurance Isle of Man 13th"]
[Site "Port Erin IOM"]
[Date "2004.09.28"]
[Round "4.39"]
[White "Twitchell, Neville"]
[Black "Hutchinson, Norman A"]
[Result "1-0"]
[WhiteElo "2003"]
[BlackElo "2176"]
[PlyCount "75"]
[EventDate "2004.09.25"]
[EventType "swiss"]
[EventRounds "9"]
[EventCountry "IOM"]
[SourceTitle "BritBase"]
[SourceDate "2008.07.14"]
[SourceVersion "1"]
[SourceVersionDate "2008.07.14"]
[SourceQuality "2"]

1. e4 c6 2. d4 d5 3. exd5 cxd5 4. c4 Nf6 5. Nc3 e6 6. Nf3 Bb4 7. cxd5 Nxd5 8.
Bd2 Nc6 9. Bd3 Nf6 10. O-O O-O 11. a3 Be7 12. Qe2 a6 13. Ne4 Nxd4 14. Nxd4 Qxd4
15. Bc3 Qd5 16. Rad1 Nxe4 17. Bxe4 Qb5 18. Bd3 Qg5 19. f4 Qh4 20. Rf3 e5 21. f5
Bc5+ 22. Kh1 Re8 23. Rh3 Qg5 24. Bd2 Qf6 25. Qh5 h6 26. Qg4 Kh8 27. Bg5 Qb6 28.
Qh5 e4 29. Qxf7 Bxf5 30. Rxh6+ Qxh6 31. Bxh6 gxh6 32. Qf6+ Kg8 33. Bc4+ Kh7 34.
Qxf5+ Kg7 35. Rd7+ Re7 36. Qe5+ Kg6 37. Rxe7 Bxe7 38. Qxe7 1-0

[Event "Monarch Assurance Isle of Man 13th"]
[Site "Port Erin IOM"]
[Date "2004.09.28"]
[Round "4.41"]
[White "Gorka, Carl"]
[Black "Collier, David"]
[Result "0-1"]
[WhiteElo "1882"]
[BlackElo "2168"]
[PlyCount "76"]
[EventDate "2004.09.25"]
[EventType "swiss"]
[EventRounds "9"]
[EventCountry "IOM"]
[SourceTitle "BritBase"]
[SourceDate "2008.07.14"]
[SourceVersion "1"]
[SourceVersionDate "2008.07.14"]
[SourceQuality "2"]

1. e4 c5 2. Nf3 e6 3. c3 d5 4. exd5 exd5 5. d4 Nf6 6. Be2 Nc6 7. O-O Qb6 8.
dxc5 Bxc5 9. b4 Be7 10. Be3 Qc7 11. Nd4 O-O 12. Qb3 a6 13. Nd2 Ne5 14. h3 Bd7
15. f4 Ng6 16. c4 Bd6 17. cxd5 Rae8 18. Rac1 Qb8 19. f5 Nh4 20. Kh1 Be5 21. Bf3
Bxd4 22. Bxd4 Nxf5 23. Bf2 Ng3+ 24. Bxg3 Qxg3 25. d6 Qxd6 26. Nc4 Qb8 27. Na5
b6 28. Nc6 Qg3 29. Rc3 Re1 30. Rxe1 Qxe1+ 31. Kh2 Re8 32. Rd3 Bxc6 33. Bxc6
Qe5+ 34. Kg1 Rc8 35. Qd1 Rxc6 36. Rd8+ Ne8 37. Qd7 Qe3+ 38. Kh2 Qf4+ 0-1

[Event "Monarch Assurance Isle of Man 13th"]
[Site "Port Erin IOM"]
[Date "2004.09.28"]
[Round "4.42"]
[White "Lutton, J.Ezra"]
[Black "Fairbairn, Stephen"]
[Result "1-0"]
[WhiteElo "2134"]
[BlackElo "2057"]
[PlyCount "43"]
[EventDate "2004.09.25"]
[EventType "swiss"]
[EventRounds "9"]
[EventCountry "IOM"]
[SourceTitle "BritBase"]
[SourceDate "2008.07.14"]
[SourceVersion "1"]
[SourceVersionDate "2008.07.14"]
[SourceQuality "2"]

1. Nc3 d5 2. e4 dxe4 3. d3 Nf6 4. Bg5 exd3 5. Bxd3 e6 6. Qe2 Be7 7. O-O-O Nbd7
8. Nf3 O-O 9. h4 c6 10. Bxf6 Bxf6 11. Bxh7+ Kh8 12. Bd3 Bxc3 13. bxc3 Qf6 14.
Qe4 Qh6+ 15. Kb1 Nf6 16. Qb4 Kg8 17. Ng5 b6 18. Qe7 Nd5 19. Bh7+ Qxh7 20. Rxd5
Qg6 21. Rd8 Ba6 22. Qxf8# 1-0

[Event "Monarch Assurance Isle of Man 13th"]
[Site "Port Erin IOM"]
[Date "2004.09.28"]
[Round "4.43"]
[White "Fox, Anthony"]
[Black "Spanton, Tim"]
[Result "1/2-1/2"]
[WhiteElo "2123"]
[BlackElo "2004"]
[PlyCount "62"]
[EventDate "2004.09.25"]
[EventType "swiss"]
[EventRounds "9"]
[EventCountry "IOM"]
[SourceTitle "BritBase"]
[SourceDate "2008.07.14"]
[SourceVersion "1"]
[SourceVersionDate "2008.07.14"]
[SourceQuality "2"]

1. e4 e5 2. Nf3 Nc6 3. Bb5 Nge7 4. O-O g6 5. c3 Bg7 6. d4 exd4 7. cxd4 d5 8.
exd5 Qxd5 9. Nc3 Qd6 10. Bxc6+ bxc6 11. Re1 O-O 12. Ne4 Qb4 13. a3 Qb6 14. Bg5
Nd5 15. Qd2 Bg4 16. Ne5 f6 17. Nxg4 fxg5 18. Ne5 Rf5 19. Rac1 Bxe5 20. dxe5
Raf8 21. b4 h5 22. Rc5 Re8 23. Nf6+ Nxf6 24. exf6 Rxe1+ 25. Qxe1 Rxf6 26. Qe8+
Kg7 27. Qe7+ Rf7 28. Qxg5 a5 29. Qe5+ Rf6 30. Qe7+ Rf7 31. Qe5+ Rf6 1/2-1/2

[Event "Monarch Assurance Isle of Man 13th"]
[Site "Port Erin IOM"]
[Date "2004.09.28"]
[Round "4.44"]
[White "Bennion, David A"]
[Black "Werner, Gert"]
[Result "0-1"]
[WhiteElo "2052"]
[BlackElo "2085"]
[PlyCount "118"]
[EventDate "2004.09.25"]
[EventType "swiss"]
[EventRounds "9"]
[EventCountry "IOM"]
[SourceTitle "BritBase"]
[SourceDate "2008.07.14"]
[SourceVersion "1"]
[SourceVersionDate "2008.07.14"]
[SourceQuality "2"]

1. e4 g6 2. d4 Bg7 3. Nf3 c6 4. Nc3 d5 5. Bd3 Bg4 6. e5 f6 7. O-O fxe5 8. dxe5
Nd7 9. e6 Ne5 10. Re1 Bxf3 11. gxf3 Nxd3 12. Qxd3 Qd6 13. f4 Nh6 14. a4 O-O 15.
a5 Rf6 16. a6 b6 17. Be3 Nf5 18. Na4 d4 19. Bd2 b5 20. Qb3 bxa4 21. Qb7 Re8 22.
Qxa7 Rxe6 23. Qb7 Rxe1+ 24. Rxe1 Qd5 25. a7 Nh4 26. Kf1 Qg2+ 27. Ke2 Qf3+ 28.
Kf1 Qh3+ 29. Ke2 Qc8 30. Qxc8 Rxc8 31. Kd3 Nf5 32. Bb4 Kf7 33. Ra1 Ke6 34. Rxa4
Ra8 35. Kc4 Kd7 36. Ra6 Nd6+ 37. Kc5 Nc8 38. Rxc6 Rxa7 39. Kb5 Rb7+ 40. Kc5 Rc7
41. Rxc7+ Kxc7 42. Kd5 Kd7 43. b3 e6+ 44. Kc5 Na7 45. Kb6 Nc6 46. Bc5 Bh6 47.
b4 Bxf4 48. b5 Bc7+ 49. Kb7 Nd8+ 50. Ka6 Bxh2 51. Bxd4 e5 52. Ba7 e4 53. c4 h5
54. Bb6 Bc7 55. Be3 h4 56. b6 Bb8 57. Bg5 h3 58. Bxd8 Kxd8 59. Kb7 h2 0-1

[Event "Monarch Assurance Isle of Man 13th"]
[Site "Port Erin IOM"]
[Date "2004.09.28"]
[Round "4.45"]
[White "Henrichsen, Jens"]
[Black "Dossett, Christopher"]
[Result "1/2-1/2"]
[WhiteElo "2084"]
[BlackElo "1886"]
[PlyCount "24"]
[EventDate "2004.09.25"]
[EventType "swiss"]
[EventRounds "9"]
[EventCountry "IOM"]
[SourceTitle "BritBase"]
[SourceDate "2008.07.14"]
[SourceVersion "1"]
[SourceVersionDate "2008.07.14"]
[SourceQuality "2"]

1. d4 Nf6 2. Nf3 c5 3. d5 e6 4. c4 exd5 5. cxd5 d6 6. Nc3 Be7 7. h3 O-O 8. e4
Re8 9. Bd3 Nbd7 10. O-O a6 11. a4 Bf8 12. Re1 Qc7 1/2-1/2

[Event "Monarch Assurance Isle of Man 13th"]
[Site "Port Erin IOM"]
[Date "2004.09.28"]
[Round "4.46"]
[White "Marks, Ian A"]
[Black "Fraser-Mitchell, Jeremy"]
[Result "1/2-1/2"]
[WhiteElo "1910"]
[BlackElo "2082"]
[PlyCount "47"]
[EventDate "2004.09.25"]
[EventType "swiss"]
[EventRounds "9"]
[EventCountry "IOM"]
[SourceTitle "BritBase"]
[SourceDate "2008.07.14"]
[SourceVersion "1"]
[SourceVersionDate "2008.07.14"]
[SourceQuality "2"]

1. e4 e6 2. d4 d5 3. Nc3 Bb4 4. e5 c5 5. a3 Bxc3+ 6. bxc3 Qc7 7. Nf3 Ne7 8. h4
cxd4 9. cxd4 b6 10. Bb5+ Bd7 11. Bd3 Nbc6 12. h5 Nxd4 13. Bb2 Nxf3+ 14. Qxf3
Nc6 15. Qg3 O-O 16. Rh4 f5 17. exf6 Qxg3 18. fxg3 gxf6 19. Rg4+ Kh8 20. h6 Rf7
21. Rg7 Raf8 22. Bxf6 Rxf6 23. Rxh7+ Kg8 24. Rg7+ 1/2-1/2

[Event "Monarch Assurance Isle of Man 13th"]
[Site "Port Erin IOM"]
[Date "2004.09.28"]
[Round "4.47"]
[White "Waugh, Jonathan C"]
[Black "Cannon, Richard J"]
[Result "1-0"]
[WhiteElo "1885"]
[BlackElo "2060"]
[PlyCount "65"]
[EventDate "2004.09.25"]
[EventType "swiss"]
[EventRounds "9"]
[EventCountry "IOM"]
[SourceTitle "BritBase"]
[SourceDate "2008.07.14"]
[SourceVersion "1"]
[SourceVersionDate "2008.07.14"]
[SourceQuality "2"]

1. e4 e6 2. d4 d5 3. Nd2 Nf6 4. e5 Nfd7 5. f4 c5 6. c3 Nc6 7. Ndf3 Qb6 8. Ne2
f6 9. g3 Be7 10. Bh3 Nd8 11. O-O O-O 12. Kh1 a5 13. Rb1 Ra6 14. Be3 Qc7 15. Qd2
b5 16. Nh4 Bb7 17. Nf3 b4 18. Nh4 fxe5 19. fxe5 Nxe5 20. Bf4 Nc4 21. Qd3 e5 22.
Bf5 e4 23. Bxe4 Qd7 24. Bxh7+ Kh8 25. Ng6+ Rxg6 26. Bxg6 Qh3 27. Ng1 Qg4 28. h3
Qe6 29. Rbe1 Qf6 30. Bc7 Qg5 31. Rxf8+ Bxf8 32. Bxd8 Qxd8 33. Qf5 1-0

[Event "Monarch Assurance Isle of Man 13th"]
[Site "Port Erin IOM"]
[Date "2004.09.28"]
[Round "4.48"]
[White "Nicholson, John"]
[Black "De Lagontrie, Jean"]
[Result "1-0"]
[WhiteElo "2021"]
[BlackElo "1968"]
[PlyCount "117"]
[EventDate "2004.09.25"]
[EventType "swiss"]
[EventRounds "9"]
[EventCountry "IOM"]
[SourceTitle "BritBase"]
[SourceDate "2008.07.14"]
[SourceVersion "1"]
[SourceVersionDate "2008.07.14"]
[SourceQuality "2"]

1. e4 e6 2. d4 d5 3. e5 c5 4. c3 Nc6 5. Nf3 Qb6 6. a3 c4 7. Nbd2 f6 8. b4 cxb3
9. Nxb3 fxe5 10. Nxe5 Nxe5 11. dxe5 Bc5 12. Nd4 Bd7 13. Be2 Ne7 14. Be3 O-O 15.
O-O Nf5 16. Nxf5 Rxf5 17. Rb1 Qc7 18. Bxc5 Qxc5 19. Rxb7 Bc6 20. Rb4 Qxc3 21.
Bd3 Qxe5 22. Bxf5 Qxf5 23. Qb3 h6 24. Rb8+ Rxb8 25. Qxb8+ Kh7 26. Qxa7 Bb5 27.
Re1 e5 28. Qb8 Bc4 29. Qxe5 Qd3 30. Qe3 Qc2 31. h3 Qb2 32. Qe5 d4 33. Qf5+ Kh8
34. Re8+ Bg8 35. Qe6 Qc1+ 36. Qe1 Qxa3 37. Qe5 d3 38. Re7 Qc1+ 39. Kh2 Qg5 40.
Qxg5 hxg5 41. Rd7 Bc4 42. Kg3 Kh7 43. Rd6 g6 44. f4 gxf4+ 45. Kxf4 Kg7 46. Kg5
Kf7 47. Kf4 Ke7 48. Rd4 Ba6 49. Ke5 Bb7 50. g4 Ba6 51. h4 Bc8 52. g5 Bf5 53. h5
Kf7 54. h6 Kg8 55. Kf6 Kh7 56. Kf7 Kh8 57. h7 d2 58. Rxd2 Be4 59. Rd8+ 1-0

[Event "Monarch Assurance Isle of Man 13th"]
[Site "Port Erin IOM"]
[Date "2004.09.29"]
[Round "5.8"]
[White "Schneider, Dmitry"]
[Black "Baklan, Vladimir"]
[Result "1/2-1/2"]
[WhiteElo "2454"]
[BlackElo "2595"]
[PlyCount "48"]
[EventDate "2004.09.25"]
[EventType "swiss"]
[EventRounds "9"]
[EventCountry "IOM"]
[SourceTitle "BritBase"]
[SourceDate "2008.07.14"]
[SourceVersion "1"]
[SourceVersionDate "2008.07.14"]
[SourceQuality "2"]

1. e4 c5 2. Nf3 d6 3. d4 cxd4 4. Nxd4 Nf6 5. Nc3 Nc6 6. f3 e5 7. Nb3 Be7 8. Be3
O-O 9. Qd2 a5 10. Bb5 Na7 11. Bd3 Be6 12. Rd1 Nc8 13. a4 Nb6 14. Qf2 Nc4 15.
Bxc4 Bxc4 16. Bb6 Qc8 17. Nxa5 d5 18. Nxc4 Qxc4 19. exd5 Bb4 20. Qe2 Qa2 21.
O-O Bxc3 22. bxc3 Nxd5 23. Ra1 Qb2 24. Bf2 Nxc3 1/2-1/2

[Event "Monarch Assurance Isle of Man 13th"]
[Site "Port Erin IOM"]
[Date "2004.09.29"]
[Round "5.11"]
[White "Chandler, Murray"]
[Black "Arakhamia-Grant, Ketevan"]
[Result "1-0"]
[WhiteElo "2531"]
[BlackElo "2446"]
[PlyCount "97"]
[EventDate "2004.09.25"]
[EventType "swiss"]
[EventRounds "9"]
[EventCountry "IOM"]
[SourceTitle "BritBase"]
[SourceDate "2008.07.14"]
[SourceVersion "1"]
[SourceVersionDate "2008.07.14"]
[SourceQuality "2"]

1. e4 c5 2. Nf3 Nc6 3. d4 cxd4 4. Nxd4 Nf6 5. Nc3 e5 6. Ndb5 d6 7. Bg5 a6 8.
Na3 b5 9. Bxf6 gxf6 10. Nd5 Bg7 11. Bd3 Ne7 12. Nxe7 Qxe7 13. c4 f5 14. O-O O-O
15. Qh5 Rb8 16. exf5 e4 17. Rae1 Bb7 18. b3 Rfe8 19. Nc2 bxc4 20. Bxc4 d5 21.
Bxd5 Bxd5 22. f6 Qe5 23. Qxe5 Rxe5 24. fxg7 Kxg7 25. f4 Ree8 26. Ne3 Bc6 27.
Rc1 Bb5 28. Rfd1 Bd3 29. Rc5 Rec8 30. b4 Rxc5 31. bxc5 Kf6 32. Nd5+ Ke6 33. Nb6
h5 34. Kf2 h4 35. Rc1 a5 36. Ke3 f5 37. Rc3 Bb5 38. Rb3 Bc6 39. Rb2 Rd8 40. Rd2
Rxd2 41. Kxd2 a4 42. a3 Bb5 43. Ke3 Bc6 44. Kd4 Bb5 45. Nd5 Bc6 46. Ne3 Bb5 47.
Kc3 Be8 48. Kb4 Bd7 49. Ka5 1-0

[Event "Monarch Assurance Isle of Man 13th"]
[Site "Port Erin IOM"]
[Date "2004.09.29"]
[Round "5.14"]
[White "Gordon, Stephen"]
[Black "Rogers, Ian"]
[Result "0-1"]
[WhiteElo "2338"]
[BlackElo "2588"]
[PlyCount "140"]
[EventDate "2004.09.25"]
[EventType "swiss"]
[EventRounds "9"]
[EventCountry "IOM"]
[SourceTitle "BritBase"]
[SourceDate "2008.07.14"]
[SourceVersion "1"]
[SourceVersionDate "2008.07.14"]
[SourceQuality "2"]

1. e4 Nc6 2. Nf3 d6 3. d4 Nf6 4. Nc3 Bg4 5. d5 Nb8 6. h3 Bxf3 7. Qxf3 g6 8. g3
Bg7 9. Bg2 O-O 10. O-O c6 11. Bd2 Nfd7 12. Rae1 a5 13. Nd1 Na6 14. Qe2 Qb6 15.
Bc1 Nac5 16. Ne3 Qa6 17. f4 Qxe2 18. Rxe2 Rfc8 19. Rd1 Nb6 20. c3 a4 21. a3 Nb3
22. Bd2 cxd5 23. Nxd5 Nxd5 24. exd5 Kf8 25. Be3 Na5 26. Be4 Nc4 27. Bd4 b5 28.
Bxg7+ Kxg7 29. Bd3 Kf8 30. Bxc4 bxc4 31. Rd4 Rab8 32. Kf1 {(=)} Rb5 33. Ke1
Rcc5 34. Red2 Ke8 35. Kd1 Kd7 36. Kc1 Rb6 37. Re4 e6 38. dxe6+ fxe6 39. Rdd4 d5
40. Re5 Rb8 41. Rd2 Rf8 42. Kd1 Rb5 43. h4 Rf5 44. Ree2 Rb8 45. Kc2 Kd6 46. Re4
Rc8 47. Re1 h6 48. Rde2 Re8 49. Re5 Rxe5 50. Rxe5 Rf8 51. Kd2 Rf5 52. Re2 e5
53. fxe5+ Ke6 54. Rg2 Rf3 55. Ke2 Rd3 56. g4 Rh3 57. h5 g5 58. Kd2 Kxe5 59.
Re2+ Kf4 60. Re6 Rh2+ 61. Kc1 Kxg4 62. Rxh6 Rxh5 63. Rd6 Rh1+ 64. Kd2 Rh2+ 65.
Ke3 Rxb2 66. Rxd5 Rb3 67. Rd4+ Kg3 68. Rxc4 Rxa3 69. Rc8 Ra1 70. Ke2 a3 0-1

[Event "Monarch Assurance Isle of Man 13th"]
[Site "Port Erin IOM"]
[Date "2004.09.29"]
[Round "5.16"]
[White "Gallagher, Joseph"]
[Black "Howell, David W"]
[Result "1-0"]
[WhiteElo "2541"]
[BlackElo "2334"]
[PlyCount "79"]
[EventDate "2004.09.25"]
[EventType "swiss"]
[EventRounds "9"]
[EventCountry "IOM"]
[SourceTitle "BritBase"]
[SourceDate "2008.07.14"]
[SourceVersion "1"]
[SourceVersionDate "2008.07.14"]
[SourceQuality "2"]

1. c4 e5 2. Nc3 Bb4 3. Nd5 Be7 4. d4 d6 5. g3 f5 6. Bg2 Nf6 7. e3 O-O 8. Ne2
Nbd7 9. Qb3 Kh8 10. Bd2 Ne4 11. Bb4 a5 12. Ba3 exd4 13. Nxd4 Ndc5 14. Qc2 Bg5
15. O-O c6 16. Nf4 Qe7 17. b3 g6 18. f3 Nf6 19. Rfe1 Bh6 20. Rad1 Bd7 21. Bb2
Bg7 22. a3 Rfe8 23. Bc3 Qf7 24. Bf1 Qe7 25. Ba1 Na6 26. Qd2 Nc5 27. b4 axb4 28.
axb4 Na4 29. h4 Nb6 30. Nb3 Ra3 31. Qc2 Rea8 32. Bd4 Nc8 33. c5 d5 34. Na5 Ne8
35. Nd3 Be6 36. Qb2 Ra4 37. Qb3 b5 38. cxb6 Bxd4 39. exd4 Nxb6 40. Nc5 1-0

[Event "Monarch Assurance Isle of Man 13th"]
[Site "Port Erin IOM"]
[Date "2004.09.29"]
[Round "5.17"]
[White "Conquest, Stuart"]
[Black "Armbruster, Alexander"]
[Result "1-0"]
[WhiteElo "2488"]
[BlackElo "2351"]
[PlyCount "59"]
[EventDate "2004.09.25"]
[EventType "swiss"]
[EventRounds "9"]
[EventCountry "IOM"]
[SourceTitle "BritBase"]
[SourceDate "2008.07.14"]
[SourceVersion "1"]
[SourceVersionDate "2008.07.14"]
[SourceQuality "2"]

1. e4 c5 2. b3 e6 3. Nf3 b6 4. Bb2 Bb7 5. Nc3 Nc6 6. Bb5 Nd4 7. O-O Nf6 8. Bd3
Be7 9. Nxd4 cxd4 10. Ne2 Nxe4 11. Nxd4 O-O 12. Qg4 Nf6 13. Qh3 g6 14. Rae1 Rc8
15. f4 d6 16. f5 e5 17. fxg6 hxg6 18. Nf5 Ne8 19. Re3 Rc7 20. Rg3 Bf6 21. Qh6
Bg7 22. Nxg7 Nxg7 23. Rh3 f5 24. Qxg6 Rf6 25. Qh7+ Kf7 26. Bxf5 Qf8 27. Rh6 Ke7
28. Rxf6 Qxf6 29. Bh3 Qg5 30. Qg8 1-0

[Event "Monarch Assurance Isle of Man 13th"]
[Site "Port Erin IOM"]
[Date "2004.09.29"]
[Round "5.18"]
[White "Skripchenko, Almira"]
[Black "Rendle, Thomas"]
[Result "1/2-1/2"]
[WhiteElo "2453"]
[BlackElo "2258"]
[PlyCount "43"]
[EventDate "2004.09.25"]
[EventType "swiss"]
[EventRounds "9"]
[EventCountry "IOM"]
[SourceTitle "BritBase"]
[SourceDate "2008.07.14"]
[SourceVersion "1"]
[SourceVersionDate "2008.07.14"]
[SourceQuality "2"]

1. e4 e6 2. d3 d5 3. Nd2 Nf6 4. Ngf3 Bc5 5. e5 Nfd7 6. c3 Be7 7. b4 d4 8. Nxd4
Nxe5 9. N2b3 Ng6 10. Qh5 Qd5 11. Qxd5 exd5 12. a4 O-O 13. Be3 Nd7 14. Nb5 c6
15. Nxa7 Bf6 16. Rc1 d4 17. Nxc8 dxe3 18. Nd6 exf2+ 19. Kxf2 Rxa4 20. d4 Ra2+
21. Kf3 b6 22. Nf5 1/2-1/2

[Event "Monarch Assurance Isle of Man 13th"]
[Site "Port Erin IOM"]
[Date "2004.09.29"]
[Round "5.20"]
[White "Ramaswamy, Aarthie"]
[Black "Agrest, Evgenij"]
[Result "0-1"]
[WhiteElo "2299"]
[BlackElo "2602"]
[PlyCount "66"]
[EventDate "2004.09.25"]
[EventType "swiss"]
[EventRounds "9"]
[EventCountry "IOM"]
[SourceTitle "BritBase"]
[SourceDate "2008.07.14"]
[SourceVersion "1"]
[SourceVersionDate "2008.07.14"]
[SourceQuality "2"]

1. e4 c5 2. Nf3 d6 3. Bb5+ Nd7 4. d4 Ngf6 5. Nc3 cxd4 6. Qxd4 e5 7. Qd3 h6 8.
O-O Be7 9. Nd2 O-O 10. Bxd7 Bxd7 11. Nc4 Be6 12. Ne3 Rc8 13. Ncd5 Nxd5 14. Nxd5
Bxd5 15. Qxd5 Qd7 16. c3 Qc6 17. Rd1 a6 18. Be3 Qxd5 19. Rxd5 Rc4 20. f3 f5 21.
exf5 Rxf5 22. Bd2 Kf7 23. b3 Rc6 24. c4 Ke6 25. Bb4 Bd8 26. Ba5 Bg5 27. Rd3 e4
28. Rd5 Rxd5 29. cxd5+ Kxd5 30. Rd1+ Ke5 31. fxe4 Kxe4 32. Re1+ Be3+ 33. Kf1 d5
0-1

[Event "Monarch Assurance Isle of Man 13th"]
[Site "Port Erin IOM"]
[Date "2004.09.29"]
[Round "5.22"]
[White "Bigg, Andrew J"]
[Black "Berzinsh, Roland"]
[Result "1/2-1/2"]
[WhiteElo "2275"]
[BlackElo "2455"]
[PlyCount "79"]
[EventDate "2004.09.25"]
[EventType "swiss"]
[EventRounds "9"]
[EventCountry "IOM"]
[SourceTitle "BritBase"]
[SourceDate "2008.07.14"]
[SourceVersion "1"]
[SourceVersionDate "2008.07.14"]
[SourceQuality "2"]

1. d4 Nf6 2. Nf3 g6 3. Nc3 d5 4. Bf4 Bg7 5. e3 O-O 6. Be2 c5 7. Ne5 Nc6 8. O-O
cxd4 9. exd4 Qb6 10. Nxc6 bxc6 11. Na4 Qa5 12. c3 Nd7 13. b4 Qd8 14. Re1 e5 15.
dxe5 Nxe5 16. Bf1 Re8 17. Qd2 Bf5 18. Nc5 Nc4 19. Bxc4 dxc4 20. Rxe8+ Qxe8 21.
Re1 Qd8 22. Qc1 Qd5 23. Rd1 Bd3 24. Qe3 h5 25. h3 Rd8 26. Bc7 Rc8 27. Ba5 h4
28. Nxd3 cxd3 29. Qxd3 Qxa2 30. Qd7 Qe6 31. Qxe6 fxe6 32. Rd6 Bxc3 33. Rxe6 Kf7
34. Re4 Bf6 35. Kf1 Re8 36. Rc4 Re6 37. g3 hxg3 38. fxg3 g5 39. Kf2 Kg6 40. Kf3
1/2-1/2

[Event "Monarch Assurance Isle of Man 13th"]
[Site "Port Erin IOM"]
[Date "2004.09.29"]
[Round "5.25"]
[White "Collier, David"]
[Black "Grafl, Florian"]
[Result "0-1"]
[WhiteElo "2168"]
[BlackElo "2411"]
[PlyCount "98"]
[EventDate "2004.09.25"]
[EventType "swiss"]
[EventRounds "9"]
[EventCountry "IOM"]
[SourceTitle "BritBase"]
[SourceDate "2008.07.14"]
[SourceVersion "1"]
[SourceVersionDate "2008.07.14"]
[SourceQuality "2"]

1. d4 f5 2. Nc3 Nf6 3. Bg5 d5 4. Bxf6 exf6 5. e3 Be6 6. Bd3 Nc6 7. a3 Qd7 8.
Qf3 g6 9. Nge2 Ne7 10. h4 h5 11. Nf4 Bf7 12. Bb5 c6 13. Ba4 Bh6 14. b4 O-O 15.
Qg3 Kh7 16. Nd3 Nc8 17. O-O Nd6 18. Rfe1 Qe7 19. f4 Ne4 20. Nxe4 fxe4 21. Nc1
b5 22. Bb3 a5 23. c3 axb4 24. cxb4 Ra6 25. Re2 Rfa8 26. Rea2 Qc7 27. Qf2 g5 28.
Ne2 Rg8 29. fxg5 fxg5 30. Rf1 Be6 31. hxg5 Bxg5 32. Nf4 Bxf4 33. Qxf4 Qxf4 34.
exf4 Rg3 35. Bd1 Bf7 36. Be2 Rgxa3 37. Rxa3 Rxa3 38. Rb1 Kg6 39. Kf2 Kf5 40. g3
h4 41. gxh4 Kxf4 42. Rf1 Be6 43. Kg2+ Ke3 44. Rf6 Bd7 45. Rd6 Kxe2 46. Rxd7 e3
47. Re7 Kd1 48. Kf1 Kd2 49. h5 Ra1+ 0-1

[Event "Monarch Assurance Isle of Man 13th"]
[Site "Port Erin IOM"]
[Date "2004.09.29"]
[Round "5.27"]
[White "Houska, Jovanka"]
[Black "Zawadzka, Jolanta"]
[Result "0-1"]
[WhiteElo "2375"]
[BlackElo "2272"]
[PlyCount "66"]
[EventDate "2004.09.25"]
[EventType "swiss"]
[EventRounds "9"]
[EventCountry "IOM"]
[SourceTitle "BritBase"]
[SourceDate "2008.07.14"]
[SourceVersion "1"]
[SourceVersionDate "2008.07.14"]
[SourceQuality "2"]

1. e4 c5 2. Nf3 d6 3. d4 cxd4 4. Nxd4 Nf6 5. Nc3 a6 6. Bc4 e6 7. Bb3 b5 8. O-O
Be7 9. Qf3 Qb6 10. Bg5 O-O 11. Rad1 Nbd7 12. a3 Nc5 13. Ba2 Bb7 14. Rfe1 Rac8
15. b4 Ncd7 16. Qh3 Ne5 17. Re3 Neg4 18. Re2 Nxf2 19. Rxf2 Rxc3 20. Be3 Rxe3
21. Qxe3 Ng4 22. Qe2 Nxf2 23. Qxf2 Bxe4 24. Kh1 Bf6 25. Qe2 d5 26. Nb3 Be7 27.
Nd2 Bxc2 28. Rc1 Bg6 29. Nb3 h6 30. Na5 Bg5 31. Rc5 d4 32. Rc6 d3 33. Qd1 Qf2
0-1

[Event "Monarch Assurance Isle of Man 13th"]
[Site "Port Erin IOM"]
[Date "2004.09.29"]
[Round "5.29"]
[White "Mannion, Stephen"]
[Black "Plant, Paul R"]
[Result "1-0"]
[WhiteElo "2333"]
[BlackElo "2107"]
[PlyCount "43"]
[EventDate "2004.09.25"]
[EventType "swiss"]
[EventRounds "9"]
[EventCountry "IOM"]
[SourceTitle "BritBase"]
[SourceDate "2008.07.14"]
[SourceVersion "1"]
[SourceVersionDate "2008.07.14"]
[SourceQuality "2"]

1. e4 e6 2. d4 d5 3. Nd2 Nf6 4. e5 Nfd7 5. c3 c5 6. f4 Nc6 7. Ndf3 Qb6 8. a3 c4
9. Ne2 Na5 10. g4 Qc7 11. Ng3 Nb6 12. Bh3 Bd7 13. O-O Na4 14. Qc2 Nb3 15. Rb1
Qa5 16. f5 b6 17. Ng5 Bxa3 18. bxa3 Qxc3 19. Qf2 O-O 20. Be3 Qa5 21. f6 Qc3 22.
fxg7 1-0

[Event "Monarch Assurance Isle of Man 13th"]
[Site "Port Erin IOM"]
[Date "2004.09.29"]
[Round "5.30"]
[White "Afek, Yochanan"]
[Black "Twitchell, Neville"]
[Result "1-0"]
[WhiteElo "2325"]
[BlackElo "2003"]
[PlyCount "69"]
[EventDate "2004.09.25"]
[EventType "swiss"]
[EventRounds "9"]
[EventCountry "IOM"]
[SourceTitle "BritBase"]
[SourceDate "2008.07.14"]
[SourceVersion "1"]
[SourceVersionDate "2008.07.14"]
[SourceQuality "2"]

1. e4 c5 2. Nf3 d6 3. d4 cxd4 4. Nxd4 Nf6 5. Nc3 a6 6. Bc4 e6 7. Bb3 Nbd7 8. g4
Nc5 9. f3 Qc7 10. Be3 b5 11. Qd2 Rb8 12. g5 Nfd7 13. a4 bxa4 14. Bxa4 Nxa4 15.
Nxa4 Nc5 16. b3 Bd7 17. Nc3 a5 18. Kf2 g6 19. Nde2 Bg7 20. Bd4 O-O 21. Bxg7
Kxg7 22. h4 f5 23. gxf6+ Rxf6 24. Kg2 Bc6 25. Rh3 Rbf8 26. Nd4 Bxe4 27. fxe4
Rf2+ 28. Qxf2 Rxf2+ 29. Kxf2 e5 30. Nde2 Ne6 31. Rd1 Qc5+ 32. Kf1 Nd4 33. Rd2
Qc8 34. Rg3 Qf8+ 35. Kg2 1-0

[Event "Monarch Assurance Isle of Man 13th"]
[Site "Port Erin IOM"]
[Date "2004.09.29"]
[Round "5.31"]
[White "Cox, John"]
[Black "Fox, Anthony"]
[Result "1-0"]
[WhiteElo "2314"]
[BlackElo "2123"]
[PlyCount "59"]
[EventDate "2004.09.25"]
[EventType "swiss"]
[EventRounds "9"]
[EventCountry "IOM"]
[SourceTitle "BritBase"]
[SourceDate "2008.07.14"]
[SourceVersion "1"]
[SourceVersionDate "2008.07.14"]
[SourceQuality "2"]

1. d4 d5 2. c4 e6 3. Nc3 Nf6 4. cxd5 exd5 5. Bg5 c6 6. e3 Be7 7. Bd3 Nbd7 8.
Nf3 O-O 9. Qc2 Re8 10. h3 Nf8 11. O-O-O Qa5 12. g4 Be6 13. Kb1 Rac8 14. Rc1 b5
15. Nd2 Qb6 16. Nb3 a5 17. Ne2 a4 18. Nc5 N6d7 19. Bxe7 Rxe7 20. Nf4 Nxc5 21.
Qxc5 Qxc5 22. Rxc5 Nd7 23. Rc2 Nb6 24. Nxe6 fxe6 25. b3 Ra7 26. Rhc1 axb3 27.
axb3 Ra3 28. Kb2 b4 29. Rxc6 Nc4+ 30. R1xc4 1-0